| 000 | 00740nam a2200229Ia 4500 | ||
|---|---|---|---|
| 005 | 20221210115441.0 | ||
| 008 | 210716s2009 xx 000 0 und d | ||
| 020 | _a9788131707494 | ||
| 040 | _cAIMIT LIBRARY | ||
| 041 | _aeng | ||
| 082 | _a005.3682 VARV | ||
| 100 |
_aVarma, Vasudeva. _965368 |
||
| 245 |
_aSoftware architecture : _bcase bases approach / _cBy Vasudeva Varma. |
||
| 250 | _a1st ed. | ||
| 260 |
_aNew Delhi : _bPearson Education , _c2009. |
||
| 300 |
_axvii,262 p.; _c25 cm. |
||
| 650 |
_aSoftware architecture primer _965369 |
||
| 650 |
_aWhere is the architecture _965370 |
||
| 650 |
_aRefining and re factoring architecture _965371 |
||
| 651 | _2Component based development | ||
| 942 |
_2ddc _cBK _e1st _k005.3682 VARV |
||
| 999 |
_c189619 _d189619 |
||